[Event "22nd European Teams"]
[Site "Batumi GEO"]
[Date "2019.10.26"]
[Round "3.8"]
[Board "2"]
[White "Christiansen, Johan-Sebastian"]
[Black "Postny, Evgeny"]
[Result "1/2-1/2"]
[WhiteTitle "GM"]
[BlackTitle "GM"]
[WhiteElo "2558"]
[BlackElo "2597"]
[WhiteTeam "Norway"]
[BlackTeam "Israel"]
[WhiteFideId "1512668"]
[BlackFideId "2804344"]
[EventDate "2019.10.24"]

1. e4 c6 2. d4 d5 3. Nd2 dxe4 4. Nxe4 Bf5 5. Ng3 Bg6 6. h4 h6 7. Nf3 Nd7 8. h5
Bh7 9. Bd3 Bxd3 10. Qxd3 e6 11. Bf4 Qa5+ 12. Bd2 Bb4 13. c3 Be7 14. c4 Qc7 15.
d5 cxd5 16. cxd5 Qd6 17. Qb5 Nf6 18. dxe6 Qxe6+ 19. Kf1 O-O 20. Re1 Qd5 21. Qxd5
Nxd5 22. Nf5 Bf6 23. g4 Rfc8 24. g5 hxg5 25. h6 gxh6 26. Nxh6+ Kg7 27. Bxg5 Bxg5
28. Nxg5 Rc2 29. Ngxf7 Rxb2 30. Nd6 Rf8 31. Nhf5+ Kf6 32. Rh6+ Kg5 33. Rh7 Nc5
34. Re5 Rxf2+ 35. Kg1 R2xf5 36. Nxf5 Rxf5 37. Rh5+ Kxh5 38. Rxf5+ Kg6 39. Rxd5
b6 40. Kf2 Kf6 41. Ke3 Ke6 42. Kd4 Na6 43. Rh5 Nc7 44. Rh6+ Kd7 45. Ke5 Nb5 46.
a4 Nc7 47. Rg6 Ne8 48. Re6 Nc7 49. Rh6 Na6 50. Rh7+ Kc6 51. Rxa7 Nc7 52. Kd4
Ne6+ 53. Kc4 Nc7 54. Kb3 Kd6 55. Rb7 Kc6 56. Rb8 Na6 57. Rh8 Nc7 58. Rh6+ Kc5
59. Rg6 Nd5 60. Rg5 Kc6 61. Kc4 Nc7 62. Rg6+ Kb7 63. Rh6 Ka6 64. Rh7 Kb7 65. Kd4
Kc6 66. Re7 Kd6 67. Re1 Kc6 68. Rc1+ Kd6 69. Rc2 Ne6+ 70. Kc4 Nc7 71. Kb4 Kd7
72. Rh2 Kc6 73. Rh6+ Kb7 74. Rd6 Ne8 75. Rg6 Nc7 76. Kc4 Ka6 77. Rg7 Kb7 78. Kd4
Kc6 79. Rg6+ Kb7 80. Ke5 Na6 81. Kd5 Nb4+ 82. Kd6 Ka6 83. Rg8 Kb7 84. Rh8 Ka6
85. Rh5 Nd3 86. Kc6 Nc5 87. Rh8 Ka5 88. Ra8+ Kb4 89. Kxb6 Nxa4+ 90. Kc6 Nc3 91.
Rh8 Kc4 92. Rh4+ Kd3 93. Kc5 Ne4+ 94. Kd5 Nc3+ 95. Ke5 Nb5 96. Rg4 Nc3 97. Rb4
Ke3 98. Rd4 Nb5 99. Rh4 Kd3 100. Rh3+ Kc4 101. Rh1 Nc3 102. Rc1 Kd3 103. Kd6 Kd4
104. Rh1 Ne4+ 105. Kc6 Nf2 106. Rh8 Ne4 107. Rd8+ Ke5 108. Rd5+ Kf4 109. Ra5 Ke3
110. Kd5 Nc3+ 111. Kc4 Ne4 112. Re5 Kf4 113. Kd4 Ng3 114. Re8 Nf5+ 115. Kd3 Kf3
116. Re4 Nd6 117. Ra4 Nf5 118. Rb4 Nd6 119. Kd4 Nf5+ 120. Ke5 Ne3 121. Rb3 Ke2
122. Kd4 Nc2+ 123. Ke4 Kd2 124. Rd3+ Ke2 125. Rd8 Nb4 126. Rb8 Nc2 127. Rb3 Kd2
128. Rh3 Nb4 129. Rg3 Nc2 130. Rb3 Ke2 131. Rd3 Nb4 132. Rc3 Kd2 133. Rh3 Nc2
134. Rb3 Ke2 135. Kd5 Kd2 136. Ke5 Ke2 137. Ke4 Kd2 1/2-1/2

[Event "22nd European Teams"]
[Site "Batumi GEO"]
[Date "2019.10.26"]
[Round "3.8"]
[Board "3"]
[White "Smirin, Ilia"]
[Black "Salomon, Johan"]
[Result "1/2-1/2"]
[WhiteTitle "GM"]
[BlackTitle "GM"]
[WhiteElo "2599"]
[BlackElo "2507"]
[WhiteTeam "Israel"]
[BlackTeam "Norway"]
[WhiteFideId "2801990"]
[BlackFideId "1509500"]
[EventDate "2019.10.24"]

1. e4 e5 2. Nf3 Nc6 3. Bc4 Bc5 4. d3 Nf6 5. O-O d6 6. c3 O-O 7. b4 Bb6 8. a4 a5
9. b5 Ne7 10. Nbd2 Ng6 11. Bb3 c6 12. Nc4 Bc7 13. Ne3 h6 14. Re1 Re8 15. Rb1 d5
16. Qc2 Be6 17. g3 Qd7 18. bxc6 bxc6 19. Ba3 Rab8 20. Ba2 Bd6 21. Rxb8 Rxb8 22.
Bc1 Qb7 23. Nd2 Bc5 24. Nb3 Bb6 25. c4 Qd7 26. Bd2 Qd8 27. Rb1 dxe4 28. dxe4 Bc7
29. c5 Ra8 30. Nc4 Nd7 31. Be3 Rb8 32. Rd1 Rb4 33. Nc1 Qf6 34. Nd3 Rb8 35. Ne1
Qe7 36. Nd6 Bxa2 37. Qxa2 Ngf8 38. Qe2 Bxd6 39. cxd6 Qe6 40. Ng2 Rb4 41. Qf3 Qc4
42. Nh4 Qxe4 43. Qxe4 Rxe4 44. Ra1 f6 45. Nf5 Kf7 46. Bd2 Ne6 47. Bxa5 Nec5 48.
Rb1 Rxa4 49. Bb6 Ne6 50. Be3 Nd8 51. Bb6 Ne6 52. Be3 Nd8 53. Bb6 Ne6 1/2-1/2

[Event "22nd European Teams"]
[Site "Batumi GEO"]
[Date "2019.10.26"]
[Round "3.8"]
[Board "4"]
[White "Haldorsen, Benjamin"]
[Black "Nabaty, Tamir"]
[Result "1-0"]
[WhiteTitle "IM"]
[BlackTitle "GM"]
[WhiteElo "2440"]
[BlackElo "2658"]
[WhiteTeam "Norway"]
[BlackTeam "Israel"]
[WhiteFideId "1512633"]
[BlackFideId "2809052"]
[EventDate "2019.10.24"]

1. e4 Nc6 2. Nf3 d6 3. d4 Nf6 4. Nc3 e6 5. h3 Be7 6. Be3 O-O 7. Bd3 a6 8. O-O b5
9. a4 b4 10. Ne2 Na5 11. c3 bxc3 12. bxc3 c5 13. Nd2 Bb7 14. Ng3 g6 15. Bh6 Re8
16. Rb1 Ra7 17. Re1 Nd7 18. f4 cxd4 19. cxd4 e5 20. fxe5 dxe5 21. d5 Bg5 22.
Bxg5 Qxg5 23. Kh2 Nc5 24. Nc4 Nxc4 25. Bxc4 Bc8 26. a5 h5 27. Qe2 h4 28. Nf1
Qf4+ 29. Kh1 f5 30. Rb6 Kg7 31. Nd2 Rf7 32. Rc6 Nxe4 33. Nxe4 fxe4 34. Qxe4 Qg3
35. Qe3 Bb7 36. Rb6 Rc8 37. Bd3 Qxe3 38. Rxe3 Rc3 39. Rxg6+ Kf8 40. Re6 Ra3 41.
R6xe5 Rxa5 42. Re8+ Kg7 43. R3e4 Rf6 44. Rxh4 Kf7 45. Rb8 Bxd5 46. Rh7+ Ke6 47.
Rb6+ Ke5 48. Rh5+ Kd4 49. Rxd5+ Rxd5 50. Rxf6 Kxd3 51. Rxa6 Ke4 52. Rf6 Ra5 53.
Kh2 Ra3 54. h4 Ra5 55. Kh3 1-0

[Event "22nd European Teams"]
[Site "Batumi GEO"]
[Date "2019.10.26"]
[Round "3.9"]
[Board "1"]
[White "Lagarde, Maxime"]
[Black "Saric, Ivan"]
[Result "0-1"]
[WhiteTitle "GM"]
[BlackTitle "GM"]
[WhiteElo "2657"]
[BlackElo "2667"]
[WhiteTeam "France"]
[BlackTeam "Croatia"]
[WhiteFideId "662399"]
[BlackFideId "14508150"]
[EventDate "2019.10.24"]

1. e4 c5 2. Nf3 Nc6 3. Nc3 e5 4. Bc4 Be7 5. d3 d6 6. Nd2 Nf6 7. Nf1 Nd7 8. Ng3
Nb6 9. a4 O-O 10. O-O Bh4 11. Ba2 Bxg3 12. hxg3 Be6 13. a5 Bxa2 14. Rxa2 Nc8 15.
a6 b6 16. f4 N8e7 17. Ra1 f6 18. g4 exf4 19. Bxf4 Qd7 20. Nb5 Ne5 21. c4 Nxg4
22. d4 g5 23. Bxd6 Ne3 24. Qd3 Nxf1 25. dxc5 bxc5 26. Rxf1 Rad8 27. Qe3 Rf7 28.
Bxc5 Qe6 29. b3 Ng6 30. Nc3 Ne5 31. Nd5 Ng4 32. Qg3 h5 33. e5 fxe5 34. Rxf7 Qxf7
35. Qf3 Qe6 36. Be7 e4 37. Qd1 Qe5 38. Qxg4 hxg4 39. Bxd8 e3 0-1

[Event "22nd European Teams"]
[Site "Batumi GEO"]
[Date "2019.10.26"]
[Round "3.9"]
[Board "2"]
[White "Bosiocic, Marin"]
[Black "Edouard, Romain"]
[Result "1-0"]
[WhiteTitle "GM"]
[BlackTitle "GM"]
[WhiteElo "2619"]
[BlackElo "2641"]
[WhiteTeam "Croatia"]
[BlackTeam "France"]
[WhiteFideId "14507927"]
[BlackFideId "633429"]
[EventDate "2019.10.24"]

1. c4 e5 2. d3 Nf6 3. Nf3 Bb4+ 4. Nbd2 Nc6 5. a3 Bxd2+ 6. Bxd2 e4 7. dxe4 Nxe4
8. Be3 d6 9. g3 O-O 10. Bg2 a5 11. O-O a4 12. Qc2 Re8 13. Rad1 Qe7 14. Rd5 Nf6
15. Rb5 h6 16. h3 b6 17. g4 Ne4 18. Rd5 Nf6 19. Rb5 Ne4 20. g5 h5 21. Nd2 Nxd2
22. Qxd2 Bd7 23. g6 fxg6 24. Rg5 Qf6 25. Bd5+ Kh8 26. f4 Rxe3 27. Qxe3 Re8 28.
Qd3 Qd4+ 29. Kg2 Qxd3 30. exd3 Nd4 31. Rf2 Bf5 32. Bf7 Re3 33. Rg3 Rxd3 34. Rxd3
Bxd3 35. Rd2 Be4+ 36. Kf2 c5 37. h4 Kh7 38. Ke3 Bc6 39. Rxd4 cxd4+ 40. Kxd4 Kh6
41. Bd5 Bd7 42. Be4 Be8 43. Bc2 Kh7 44. Kd5 1-0

[Event "22nd European Teams"]
[Site "Batumi GEO"]
[Date "2019.10.26"]
[Round "3.9"]
[Board "3"]
[White "Bauer, Christian"]
[Black "Stevic, Hrvoje"]
[Result "1-0"]
[WhiteTitle "GM"]
[BlackTitle "GM"]
[WhiteElo "2606"]
[BlackElo "2570"]
[WhiteTeam "France"]
[BlackTeam "Croatia"]
[WhiteFideId "603767"]
[BlackFideId "14502569"]
[EventDate "2019.10.24"]

1. e4 e5 2. Nf3 Nc6 3. Bc4 Nf6 4. d3 Be7 5. O-O O-O 6. Re1 d6 7. a3 Be6 8. Nbd2
Qd7 9. c3 Rfe8 10. Bxe6 Qxe6 11. d4 exd4 12. cxd4 d5 13. e5 Nd7 14. Nf1 a5 15.
Bf4 a4 16. Ne3 Nb6 17. Rc1 Rec8 18. Qd3 Bf8 19. Bg3 Qg6 20. Qd1 Qh5 21. h4 Nd8
22. Bf4 Qg6 23. Ng5 Nc4 24. Nxc4 dxc4 25. Rxc4 b5 26. Rc3 h6 27. Ne4 Ra6 28. d5
Qf5 29. Bg3 c5 30. Nd6 Bxd6 31. exd6 Nb7 32. Re5 Qf6 33. d7 Rf8 34. Qe2 Raa8 35.
Qxb5 Nd6 36. Qc6 Rad8 37. h5 1-0

[Event "22nd European Teams"]
[Site "Batumi GEO"]
[Date "2019.10.26"]
[Round "3.9"]
[Board "4"]
[White "Brkic, Ante"]
[Black "Gharamian, Tigran"]
[Result "1/2-1/2"]
[WhiteTitle "GM"]
[BlackTitle "GM"]
[WhiteElo "2600"]
[BlackElo "2590"]
[WhiteTeam "Croatia"]
[BlackTeam "France"]
[WhiteFideId "14506688"]
[BlackFideId "13301527"]
[EventDate "2019.10.24"]

1. e4 e6 2. d4 d5 3. Nc3 Bb4 4. e5 c5 5. a3 Bxc3+ 6. bxc3 Ne7 7. Qg4 O-O 8. Bd3
f5 9. exf6 Rxf6 10. Bg5 Rf7 11. Qh5 g6 12. Qd1 Qa5 13. Bd2 e5 14. dxe5 Nbc6 15.
f4 c4 16. Be2 Qc5 17. Nf3 Bf5 18. Qc1 d4 19. cxd4 Nxd4 20. Nxd4 Qxd4 21. Be3
Qc3+ 22. Bd2 Qd4 23. Be3 Qc3+ 24. Bd2 1/2-1/2

[Event "22nd European Teams"]
[Site "Batumi GEO"]
[Date "2019.10.26"]
[Round "3.10"]
[Board "1"]
[White "Lupulescu, Constantin"]
[Black "Mastrovasilis, Dimitrios"]
[Result "1/2-1/2"]
[WhiteTitle "GM"]
[BlackTitle "GM"]
[WhiteElo "2643"]
[BlackElo "2596"]
[WhiteTeam "Romania"]
[BlackTeam "Greece"]
[WhiteFideId "1207822"]
[BlackFideId "4202694"]
[EventDate "2019.10.24"]

1. d4 d5 2. c4 e6 3. Nc3 Nf6 4. cxd5 Nxd5 5. e4 Nxc3 6. bxc3 c5 7. Nf3 cxd4 8.
cxd4 Bb4+ 9. Bd2 Bxd2+ 10. Qxd2 O-O 11. Bc4 b6 12. O-O Bb7 13. Rfe1 Nd7 14. a4
Rc8 15. Bf1 a5 16. Qb2 Qc7 17. Nd2 Qc3 18. Rab1 Rfd8 19. f3 h6 20. Qxc3 Rxc3 21.
Rec1 Rdc8 22. Rxc3 Rxc3 23. Nc4 Bc6 24. Nxb6 Nxb6 25. Rxb6 Bxa4 26. Ra6 Bc2 27.
Rxa5 Bd3 28. Bxd3 Rxd3 29. d5 exd5 30. Rxd5 Ra3 31. h4 g6 32. h5 g5 33. Kh2 Kg7
34. Kh3 Ra2 35. g3 Rf2 36. Kg4 Rg2 37. e5 Rg1 38. Rd7 Kg8 39. Ra7 Rg2 40. Ra6
Kg7 41. Kh3 Rf2 42. Rf6 Rf1 43. Kg2 Ra1 44. f4 g4 45. Rb6 Ra2+ 46. Kg1 Ra3 47.
Kf2 Rf3+ 48. Kg2 Re3 49. Rb5 Re2+ 50. Kg1 Re3 51. Kf2 Rf3+ 52. Kg2 Re3 53. Rb8
Re2+ 54. Kg1 Re3 55. Kf2 Rf3+ 56. Ke2 Rxg3 57. f5 Rf3 58. f6+ Kh7 59. Rf8 Rf5
60. Rxf7+ Kh8 61. Rf8+ Kh7 62. Rf7+ Kh8 63. e6 Re5+ 64. Kf2 Rxe6 65. Rf8+ Kh7
66. Kg3 Re5 67. Rf7+ Kh8 68. Rf8+ Kh7 69. Rf7+ Kh8 70. Kxg4 Rg5+ 71. Kf4 Kg8 72.
Ra7 Rxh5 73. Rg7+ Kf8 74. Rh7 Ra5 75. f7 Rb5 76. Rxh6 Kxf7 77. Ke4 1/2-1/2

[Event "22nd European Teams"]
[Site "Batumi GEO"]
[Date "2019.10.26"]
[Round "3.10"]
[Board "2"]
[White "Banikas, Hristos"]
[Black "Parligras, Mircea-Emilian"]
[Result "1/2-1/2"]
[WhiteTitle "GM"]
[BlackTitle "GM"]
[WhiteElo "2597"]
[BlackElo "2629"]
[WhiteTeam "Greece"]
[BlackTeam "Romania"]
[WhiteFideId "4202031"]
[BlackFideId "1204297"]
[EventDate "2019.10.24"]

1. d4 Nf6 2. c4 e6 3. Nf3 d5 4. g3 Bb4+ 5. Bd2 Bd6 6. Nc3 O-O 7. Bg5 Be7 8. Bg2
Nbd7 9. Qd3 h6 10. Bf4 c6 11. O-O b6 12. cxd5 cxd5 13. Rfc1 Nh5 14. Be5 Nhf6 15.
Nb5 Nxe5 16. Nxe5 a6 17. Nc6 Qd7 18. Nxe7+ Qxe7 19. Nc3 Bd7 20. Rc2 Rfc8 21.
Rac1 a5 22. e3 Qd8 23. Qd1 b5 24. Ne2 Rxc2 25. Rxc2 Rc8 26. Nc1 b4 27. Nd3 Rxc2
28. Qxc2 Bb5 29. Ne5 Nd7 30. Nxd7 Qxd7 31. Qc5 Qb7 32. h4 h5 33. Bf3 g6 34. Kh2
Qa6 35. e4 Be2 36. Bg2 dxe4 37. Bxe4 Bd3 38. Bg2 1/2-1/2

[Event "22nd European Teams"]
[Site "Batumi GEO"]
[Date "2019.10.26"]
[Round "3.10"]
[Board "3"]
[White "Deac, Bogdan-Daniel"]
[Black "Halkias, Stelios"]
[Result "1/2-1/2"]
[WhiteTitle "GM"]
[BlackTitle "GM"]
[WhiteElo "2613"]
[BlackElo "2530"]
[WhiteTeam "Romania"]
[BlackTeam "Greece"]
[WhiteFideId "1226380"]
[BlackFideId "4201809"]
[EventDate "2019.10.24"]

1. d4 Nf6 2. c4 e6 3. Nf3 d5 4. Nc3 Bb4 5. cxd5 exd5 6. Bg5 h6 7. Bh4 O-O 8. e3
Bf5 9. Qb3 Bxc3+ 10. Qxc3 Nbd7 11. Be2 c6 12. Nd2 Qb6 13. O-O a5 14. f3 Rfe8 15.
Rfc1 Qa7 16. a4 Rac8 17. Bf2 b6 18. b4 axb4 19. Qxb4 c5 20. Qb2 c4 21. Nb1 Nb8
22. Nc3 Nc6 23. Qa3 Qd7 24. Ra2 Na5 25. Rb2 Rc6 26. Rb5 Bd3 27. Qb4 Qf5 28. e4
Qf4 29. Rd1 dxe4 30. Bg3 Qe3+ 31. Bf2 Qf4 32. Bg3 Qe3+ 33. Bf2 1/2-1/2

[Event "22nd European Teams"]
[Site "Batumi GEO"]
[Date "2019.10.26"]
[Round "3.10"]
[Board "4"]
[White "Mastrovasilis, Athanasios"]
[Black "Georgescu, Tiberiu-Marian"]
[Result "1-0"]
[WhiteTitle "GM"]
[BlackTitle "GM"]
[WhiteElo "2521"]
[BlackElo "2508"]
[WhiteTeam "Greece"]
[BlackTeam "Romania"]
[WhiteFideId "4201990"]
[BlackFideId "1213300"]
[EventDate "2019.10.24"]

1. d4 d5 2. c4 e6 3. Nc3 Nf6 4. cxd5 exd5 5. Bg5 c6 6. e3 Be7 7. Qc2 Nbd7 8. Bd3
Nh5 9. Bxe7 Qxe7 10. Nge2 g6 11. O-O O-O 12. Rae1 Nb6 13. Nc1 Be6 14. Nb3 Rad8
15. Nc5 Ng7 16. f3 Bc8 17. Qf2 f5 18. Bc2 Ne8 19. Nd3 Nd6 20. Bb3 Kh8 21. Qg3
Qf6 22. Bc2 Rde8 23. b3 Nf7 24. f4 Be6 25. Nb1 Nd6 26. Ne5 Nf7 27. Nd2 Nxe5 28.
fxe5 Qe7 29. Rf4 g5 30. Rf2 Rf7 31. Ref1 Ref8 32. Qf3 f4 33. exf4 Rxf4 34. Qe3
Rxf2 35. Rxf2 Rxf2 36. Qxf2 Nd7 37. Nf3 Bg4 38. Qe3 Bxf3 39. Qxf3 Nf8 40. Bf5
Kg7 41. Qe3 Kf7 42. Kf2 h6 43. Kg3 Ne6 44. Kf2 Qb4 45. Bxe6+ Kxe6 46. Qd3 Qf8+
47. Ke2 Qg7 48. b4 g4 49. b5 cxb5 50. Qxb5 Qg6 51. Kd2 Qg5+ 52. Kc2 Qg6+ 53. Kc3
g3 54. h3 Qe4 55. Qe8+ Kf5 56. Qh5+ Ke6 57. Qxh6+ Kd7 58. Qg7+ Kc6 59. Qxg3 a5
60. Qd3 Qxg2 61. a4 b6 62. h4 Qh1 63. h5 Qxh5 64. Qb5+ Kc7 65. Qxd5 Qh3+ 66. Kb2
Qh2+ 67. Ka3 Qg3+ 68. Qb3 Qe1 69. Kb2 Kb7 70. Qf3+ Kb8 71. Qc3 Qf2+ 72. Ka3 Qf8+
73. Ka2 Qg8+ 74. Qb3 Qg2+ 75. Ka3 Qc6 76. Kb2 Qg2+ 77. Qc2 Qd5 78. Qd3 Qg2+ 79.
Ka3 Qd5 80. Qc3 Kb7 81. Kb2 Qg2+ 82. Qc2 Qd5 83. Qd3 Qg2+ 84. Kc3 Qc6+ 85. Kb3
Qd5+ 86. Qc4 Qf3+ 87. Qc3 Qd5+ 88. Kb2 Qg2+ 89. Qc2 Qd5 90. Qh7+ Kb8 91. Qd3 Kb7
92. Qe3 Qg2+ 93. Ka3 Qh1 94. e6 Qa1+ 95. Kb3 Qb1+ 96. Kc3 Qa1+ 97. Kd3 Qd1+ 98.
Ke4 Qxa4 99. Ke5 Kc7 100. Kf6 Qe8 101. Qe5+ Kc8 102. e7 Qh8+ 103. Ke6 Qh6+ 104.
Kd5 Qh1+ 1-0

[Event "22nd European Teams"]
[Site "Batumi GEO"]
[Date "2019.10.26"]
[Round "3.11"]
[Board "1"]
[White "Lenic, Luka"]
[Black "Iordachescu, Viorel"]
[Result "1-0"]
[WhiteTitle "GM"]
[BlackTitle "GM"]
[WhiteElo "2644"]
[BlackElo "2602"]
[WhiteTeam "Slovenia"]
[BlackTeam "Moldova"]
[WhiteFideId "14603853"]
[BlackFideId "13900200"]
[EventDate "2019.10.24"]

1. d4 Nf6 2. c4 e6 3. Nc3 Bb4 4. Qc2 O-O 5. a3 Bxc3+ 6. Qxc3 d6 7. f3 Nh5 8. Nh3
e5 9. g4 Qh4+ 10. Kd1 h6 11. Be3 Nf4 12. Nxf4 exf4 13. Bxf4 f5 14. Bg3 Qf6 15.
gxf5 Bxf5 16. Kd2 Bg6 17. Bg2 Nc6 18. e3 a5 19. b3 Rae8 20. Rae1 Rf7 21. Rhg1 a4
22. b4 b5 23. cxb5 Na7 24. d5 Qe7 25. Qc4 Qf6 26. Qc3 Qe7 27. e4 Nxb5 28. Qd3
Rb8 29. Bh3 Qf6 30. Be6 Qb2+ 31. Ke3 Nxa3 32. Re2 Qxb4 33. Kf2 Qc5+ 34. Qe3
Qxe3+ 35. Rxe3 Nc4 36. Re2 Rb3 37. Bxf7+ Bxf7 38. Rc1 Nb2 39. Rxc7 Bh5 40. Bxd6
a3 41. Bxa3 Nd3+ 42. Kg3 Ne5 43. Bd6 Nxf3 44. Kf2 Ng5 45. Re3 Nh3+ 46. Rxh3 Rxh3
47. Bg3 Bg4 48. Ke3 Rh5 49. Kd4 Rg5 50. d6 Ra5 51. Be5 Ra4+ 52. Ke3 Ra3+ 53. Kf4
h5 54. Rxg7+ Kf8 55. Bf6 Rd3 56. Ke5 Rd2 57. Rxg4 hxg4 58. Ke6 Ke8 59. Bh4 Rd4
60. e5 Rd2 61. Bg3 Rd1 62. Bf4 Rd3 63. Kf5 Rd5 64. Ke4 Rb5 65. e6 Rh5 66. Be3
Rb5 67. Bd4 Rb4 1-0

[Event "22nd European Teams"]
[Site "Batumi GEO"]
[Date "2019.10.26"]
[Round "3.11"]
[Board "2"]
[White "Macovei, Andrei"]
[Black "Borisek, Jure"]
[Result "0-1"]
[WhiteTitle "IM"]
[BlackTitle "GM"]
[WhiteElo "2426"]
[BlackElo "2584"]
[WhiteTeam "Moldova"]
[BlackTeam "Slovenia"]
[WhiteFideId "13904680"]
[BlackFideId "14603152"]
[EventDate "2019.10.24"]

1. e4 e5 2. Nf3 Nc6 3. Bb5 a6 4. Ba4 Nf6 5. O-O Be7 6. Re1 b5 7. Bb3 d6 8. c3
O-O 9. h3 Nb8 10. d4 Nbd7 11. Nbd2 c5 12. d5 c4 13. Bc2 Qc7 14. a4 Rb8 15. Nf1
Nc5 16. axb5 axb5 17. Ng3 Bd7 18. Bg5 b4 19. Nh2 bxc3 20. bxc3 Nxd5 21. Bxe7
Nxe7 22. Ng4 f6 23. Ne3 Be6 24. Qe2 Nb3 25. Rad1 Rbd8 26. Ngf1 Rd7 27. Nd5 Bxd5
28. exd5 f5 29. Ne3 Na5 30. g4 f4 31. Nf5 g6 32. Nh4 Qc5 33. Qe4 Nb7 34. Nf3 Nd8
35. Ng5 Ra7 36. Qf3 Ra2 37. Bb1 Ra5 38. Rd2 Kg7 39. Red1 Qc7 40. Qe4 Rh8 41. Rb2
Kf6 42. Nf3 Nf7 43. Rb4 Rc5 44. Ba2 h5 45. g5+ Nxg5 46. Nxg5 Kxg5 47. Kh2 Kf6
48. Bxc4 Rb8 49. Rxb8 Qxb8 50. Rg1 Qe8 51. Ra1 Qc8 52. Ra4 Qf5 53. Qf3 e4 54.
Qd1 Qe5 55. Qe1 Nf5 56. Bf1 e3 57. fxe3 fxe3+ 58. Kh1 Qxd5+ 59. Bg2 Qd2 0-1

[Event "22nd European Teams"]
[Site "Batumi GEO"]
[Date "2019.10.26"]
[Round "3.11"]
[Board "3"]
[White "Sebenik, Matej"]
[Black "Schitco, Ivan"]
[Result "1/2-1/2"]
[WhiteTitle "GM"]
[BlackTitle "IM"]
[WhiteElo "2519"]
[BlackElo "2492"]
[WhiteTeam "Slovenia"]
[BlackTeam "Moldova"]
[WhiteFideId "14602296"]
[BlackFideId "13905465"]
[EventDate "2019.10.24"]

1. d4 d5 2. c4 e6 3. Nc3 Nf6 4. cxd5 exd5 5. Bg5 Nbd7 6. e3 c6 7. Bd3 Be7 8.
Nge2 h6 9. Bh4 Nh5 10. Bxe7 Qxe7 11. Qd2 Nb6 12. f3 O-O 13. O-O Bd7 14. g4 Nf6
15. Nf4 c5 16. Rae1 Rfe8 17. h4 Rac8 18. g5 hxg5 19. hxg5 Nh5 20. Qg2 Nxf4 21.
exf4 Qd6 22. Qh2 g6 23. Kg2 Rxe1 24. Rxe1 Qf8 25. dxc5 Qxc5 26. Rh1 Qd4 27. Kg3
Re8 28. Qh7+ Kf8 29. Bb5 Bc6 30. Qh6+ Qg7 31. f5 gxf5 32. Bxc6 bxc6 33. Qh8+
Qxh8 34. Rxh8+ Ke7 35. Rxe8+ Kxe8 36. Kf4 d4 37. Nb1 Na4 38. Ke5 c5 39. Kd5 f6
40. gxf6 Kf7 41. Nd2 Nxb2 42. Kxc5 d3 43. Kd4 Kxf6 44. Kc3 Nd1+ 45. Kxd3 Ke5 46.
Nc4+ Kf4 47. Nd6 Ne3 48. Nb5 a6 49. Nd4 1/2-1/2

[Event "22nd European Teams"]
[Site "Batumi GEO"]
[Date "2019.10.26"]
[Round "3.11"]
[Board "4"]
[White "Svetushkin, Dmitry"]
[Black "Subelj, Jan"]
[Result "1/2-1/2"]
[WhiteTitle "GM"]
[BlackTitle "FM"]
[WhiteElo "2534"]
[BlackElo "2398"]
[WhiteTeam "Moldova"]
[BlackTeam "Slovenia"]
[WhiteFideId "13900463"]
[BlackFideId "14618583"]
[EventDate "2019.10.24"]

1. e4 e5 2. Nf3 Nc6 3. Bb5 a6 4. Ba4 Nf6 5. O-O Be7 6. Re1 b5 7. Bb3 d6 8. c3
O-O 9. h3 Bb7 10. d4 Re8 11. a3 Bf8 12. Nbd2 Nb8 13. dxe5 dxe5 14. Ng5 Re7 15.
Ndf3 Qxd1 16. Rxd1 c5 17. Bxf7+ Rxf7 18. Nxf7 Kxf7 19. Nxe5+ Ke6 20. Bf4 Bxe4
21. f3 Nc6 22. Ng4 Nxg4 23. hxg4 Bg6 24. Rd2 Rd8 25. Re1+ Kf7 26. Rxd8 Nxd8 27.
Rd1 Ne6 28. Bd6 c4 29. Bxf8 Kxf8 30. Rd6 Nc5 31. Kf2 Nd3+ 32. Ke3 a5 33. Rb6 Be8
34. a4 bxa4 35. g5 Ke7 36. Kd4 Kd7 37. g4 Kc7 38. Re6 Bg6 39. Re2 Kc6 40. Ke3
Ne5 41. Kf4 Nd3+ 42. Kg3 Kd5 43. f4 Be4 44. f5 Ke5 45. Rh2 Bxf5 46. gxf5 Kxf5
47. Rxh7 Nxb2 48. Rxg7 a3 49. Ra7 a4 50. Kh4 Kg6 51. Ra6+ Kg7 52. Re6 Nd1 53.
Re1 Nxc3 54. Kh5 a2 55. Ra1 Kh7 56. g6+ Kg7 57. Kg5 Ne4+ 58. Kf4 Nf6 59. Kf5 Ng8
60. Rxa2 Ne7+ 61. Ke6 Nxg6 62. Rg2 Kh6 63. Kf6 Nh4 64. Rg4 Kh5 65. Rg5+ Kh6 66.
Rc5 a3 67. Rxc4 Kh5 68. Ra4 a2 69. Rxa2 Kg4 70. Ra4+ Kg3 71. Kg5 Nf3+ 72. Kh5
Nh2 73. Kg5 Nf3+ 74. Kf5 Nh4+ 75. Ke4 Kg4 76. Ra8 Kg5 77. Ra1 Ng6 78. Rf1 Ne7
79. Rf7 Ng6 80. Rf5+ Kg4 81. Ra5 Nh4 82. Ra1 Kg3 83. Rg1+ Ng2 84. Kf5 Kf3 85.
Rh1 Ne3+ 1/2-1/2

[Event "22nd European Teams"]
[Site "Batumi GEO"]
[Date "2019.10.26"]
[Round "3.12"]
[Board "1"]
[White "Indjic, Aleksandar"]
[Black "Georgiev, Kiril"]
[Result "0-1"]
[WhiteTitle "GM"]
[BlackTitle "GM"]
[WhiteElo "2638"]
[BlackElo "2577"]
[WhiteTeam "Serbia"]
[BlackTeam "Republic of North Macedonia"]
[WhiteFideId "911925"]
[BlackFideId "2900017"]
[EventDate "2019.10.24"]

1. Nf3 d5 2. d4 Nf6 3. c4 dxc4 4. e3 e6 5. Bxc4 c5 6. O-O a6 7. Qe2 b5 8. Bd3
cxd4 9. a4 bxa4 10. Rxa4 Be7 11. Rxd4 Qb6 12. Nc3 Nc6 13. Rh4 Nb4 14. Bc4 Bb7
15. e4 Rc8 16. b3 O-O 17. Rh3 Qc7 18. Ng5 h6 19. Nf3 Rfd8 20. e5 Nd7 21. Bxh6
gxh6 22. Qe3 Bf8 23. Rg3+ Kh8 24. Ng5 Nc5 25. Qf4 Rd7 26. Nh7 Bg7 27. Nf6 Qd8
28. Rh3 Qf8 29. Ng4 Kh7 30. Nf6+ Kh8 31. g4 Rd3 32. Bxd3 Ncxd3 33. Qd4 Qc5 34.
Qxc5 Rxc5 35. Na4 Rxe5 36. Nh5 Rg5 37. Rg3 Bd4 38. h4 Re5 39. g5 Re4 40. Rh3 0-1

[Event "22nd European Teams"]
[Site "Batumi GEO"]
[Date "2019.10.26"]
[Round "3.12"]
[Board "2"]
[White "Pancevski, Filip"]
[Black "Sedlak, Nikola"]
[Result "1/2-1/2"]
[WhiteTitle "IM"]
[BlackTitle "GM"]
[WhiteElo "2490"]
[BlackElo "2557"]
[WhiteTeam "Republic of North Macedonia"]
[BlackTeam "Serbia"]
[WhiteFideId "15002187"]
[BlackFideId "922900"]
[EventDate "2019.10.24"]

1. c4 c6 2. g3 d5 3. Nf3 Bf5 4. Qb3 Qc8 5. Nc3 e6 6. Bg2 Nf6 7. O-O Nbd7 8. d4
Be7 9. Nd2 O-O 10. e4 dxe4 11. Ndxe4 Rd8 12. Be3 Nxe4 13. Nxe4 e5 14. Rad1 Bg4
15. Rd2 exd4 16. Rxd4 Re8 17. Nd6 Bxd6 18. Rxd6 Ne5 19. Bf4 Ng6 20. Be3 Bh3 21.
Rfd1 Bxg2 22. Kxg2 Qg4 23. Qxb7 Rac8 24. Qd7 Qe4+ 25. Kh3 h5 26. R1d4 Qf3 27.
Rxg6 fxg6 28. Rf4 Qe2 29. Kg2 Rcd8 30. Qxa7 c5 31. Qc7 Kh8 32. Qxc5 Qxb2 33. Qb6
Qe2 34. Bd4 Kh7 35. Qc7 Qe7 36. Qxe7 Rxe7 37. h4 Ra8 38. a3 Rc7 39. Be5 Rd7 40.
Rf3 Ra5 41. Re3 Rc5 42. Re4 Rd3 43. a4 Ra5 44. Re2 Rxa4 45. Rc2 Ra6 46. c5 Rc6
47. Bf4 Kg8 1/2-1/2